Statistics for The Office (U.S.) Dwight Schrute Trivia

Click here to take the quiz!

General Stats

  • This quiz has been taken 1,246 times
  • The average score is 7 of 15

Answer Stats

HintAnswer% Correct
Age at which he was shunned by his family?4 years old
96%
Age at which he was ''un-shunned'' by his family?6 years old
75%
The word he misspelled to lose the spelling bee?Failure
62%
In Dwight's wildest fantasy, in which he is a co-owner of a hotel, what is his salary?$80,000
58%
Size of farm?60 acres
57%
Who does Dwight co-own this hotel with?Satan
51%
Weight at birth (lb oz)?13 lb 5 oz
48%
How many rules should Schrute boys learn by the age of 5?40
35%
The character he played in said play?Mutey the Mailman
32%
What charitable organisation does Dwight dislike?PETA
32%
How many cousins does Dwight have?70
31%
Type of Car?1987 Pontiac Trans Am
30%
The person he lost the grade school spelling bee to?Raj Patel
23%
Favourite Movie?The Crow
22%
The play he appeared in whilst in the seveth grade?Oklahoma!
21%

Score Distribution

Percentile by Number Answered

Percent of People with Each Score

Your Score History

You have not taken this quiz